ՀՀ Գիտությունների ազգային ակադեմիայի հիմնարար գիտական գրադարան  =   Fundamental Scientific Library of NAS RA

Հայկական ԽՍՀ հողերի մելիորացիան, կուլտուրականացումը և պահպանումը / (Record no. 87557)

MARC details
000 -LEADER
fixed length control field 00979nam a2200241 a 4500
001 - CONTROL NUMBER
control field 000245579
003 - CONTROL NUMBER IDENTIFIER
control field AM-YeHGA
005 - DATE AND TIME OF LATEST TRANSACTION
control field 20250618071640.0
008 - FIXED-LENGTH DATA ELEMENTS--GENERAL INFORMATION
fixed length control field 030710s1990 ai ad|||r|||||||||0|arm|d
020 ## - INTERNATIONAL STANDARD BOOK NUMBER
International Standard Book Number 5540009932
040 ## - CATALOGING SOURCE
Original cataloging agency AM-YeHGA
041 0# - LANGUAGE CODE
Language code of text/sound track or separate title arm
090 ## - LOCALLY ASSIGNED LC-TYPE CALL NUMBER (OCLC); LOCAL CALL NUMBER (RLIN)
-- 88842
100 1# - MAIN ENTRY--PERSONAL NAME
Personal name Հայրապետյան, Էդուարդ Մելիքի,
Dates associated with a name 1927-2010
9 (RLIN) 1409
245 10 - TITLE STATEMENT
Title Հայկական ԽՍՀ հողերի մելիորացիան, կուլտուրականացումը և պահպանումը /
Statement of responsibility, etc. Է.Մ. Հայրապետյան, Հ.Պ. Պետրոսյան, Ռ.Հ. Զաքոյան.
260 ## - PUBLICATION, DISTRIBUTION, ETC.
Place of publication, distribution, etc. Երևան :
Name of publisher, distributor, etc. Հայաստան,
Date of publication, distribution, etc. 1990.
300 ## - PHYSICAL DESCRIPTION
Extent 500 էջ :
Other physical details նկ., աղս.
650 14 - SUBJECT ADDED ENTRY--TOPICAL TERM
Topical term or geographic name entry element Հողագիտություն
9 (RLIN) 597
650 14 - SUBJECT ADDED ENTRY--TOPICAL TERM
Topical term or geographic name entry element Գյուղատնտեսություն
9 (RLIN) 4945
700 1# - ADDED ENTRY--PERSONAL NAME
Personal name Պետրոսյան, Հրանտ Պետրոսի,
Dates associated with a name 1923-1987
9 (RLIN) 1415
700 1# - ADDED ENTRY--PERSONAL NAME
Personal name Զաքոյան, Ռուդոլֆ Հովհաննեսի,
Dates associated with a name 1930-2000
9 (RLIN) 9113
942 ## - ADDED ENTRY ELEMENTS (KOHA)
Source of classification or shelving scheme Universal Decimal Classification
Koha item type Գրքեր / Books
Holdings
Withdrawn status Lost status Source of classification or shelving scheme Damaged status Not for loan Collection Home library Current library Date acquired Total checkouts Full call number Barcode Date last seen Price effective from Koha item type Public note
    Universal Decimal Classification     General Fundamental Scientific Library Fundamental Scientific Library 22/12/2016   AII/82489 220082489 22/12/2016 22/12/2016 Գրքեր / Books 30 Days Loan
    Universal Decimal Classification     General Fundamental Scientific Library Fundamental Scientific Library 22/12/2016   AII/81877 FL0078154 22/12/2016 22/12/2016 Գրքեր / Books 30 Days Loan


ՀՀ ԳԱԱ հիմնարար գիտական գրադարան
ՀՀ,Երևան 0019
Մարշալ Բաղրամյան 24/6
հեռախոս:(374-10) 52-47-50
Հետադարձ կապ

All site content, except where otherwise noted, is licensed under a
Creative Commons License